| 000 | 00717cam a2200277 4500 | ||
|---|---|---|---|
| 008 | 000000n2001 000 0 eng u | ||
| 020 | _a0953840417 | ||
| 035 | _a(Sirsi) u112634 | ||
| 050 | _a333.33025 | ||
| 100 | _aFreeman, Peter | ||
| 245 | _aFreeman's guide to the property industry. | ||
| 250 | _a2nd ed. | ||
| 260 |
_aLondon _bFreeman Publishing _c2001 |
||
| 300 | _a4v. ; 30cm. | ||
| 350 | _a245.00 | ||
| 650 | _aDIRECTORIES | ||
| 650 | _aPROPERTY OWNERS | ||
| 650 | _aOCCUPIERS | ||
| 650 | _aBIOGRAPHIES | ||
| 650 | _aSTATISTICS | ||
| 650 | _aPROPERTY COMPANIES | ||
| 650 | _aPROPERTY MARKET | ||
| 690 | _aPROPERTY-COMMERCIAL PROPERTY | ||
| 700 |
_aGoldstone, A. _xeditor |
||
| 942 | _n0 | ||
| 999 |
_c101456 _d101456 |
||